书目信息 |
| 题名: |
数量生态学
|
|
| 作者: | 张金屯 著 | |
| 分册: | ||
| 出版信息: | 北京 科学出版社 2004 |
|
| 页数: | 357页 | |
| 开本: | 26cm | |
| 丛书名: | 现代生命科学基础丛书 | |
| 单 册: | ||
| 中图分类: | Q141 , Q14 | |
| 科图分类: | ||
| 主题词: | 数学生态学--研究 , 数学生态学 | |
| 电子资源: | ||
| ISBN: | 7-03-012475-8 | |
| 000 | 00976nam0 2200289 450 | |
| 000 | 00960nam0 2200277 450 | |
| 000 | 00893nam0 2200253 450 | |
| 000 | 00856nam0 2200241 45 | |
| 005 | 20070528132209.18 | |
| 010 | @a7-03-012475-8@dCNY48.00 | |
| 100 | @a20070418d2004 em y0chiy0120 ea | |
| 101 | 0 | @achi |
| 102 | @aCN@b110000 | |
| 105 | @ay z 000yy | |
| 200 | 1 | @a数量生态学@AShu Liang Sheng Tai Xue@f张金屯著 @FZhang Jin Tun Zhu |
| 210 | @a北京@c科学出版社@d2004 | |
| 215 | @a357页@d26cm | |
| 225 | 2 | @a现代生命科学基础丛书@v12 |
| 330 | @a本书全面论述了数量生态学的理论和方法,内容涉及数量生态学的各个方面,反映了数量生态学过去几十年的发展概貌和最新发展水平,也反映了我国近年来数量生态学的研究进展和贡献。 | |
| 410 | 0 | @12001 @a现代生命科学基础丛书@v12 |
| 606 | 0 | @a数学生态学@x研究 |
| 606 | 0 | @a数学生态学 |
| 690 | @aQ141@v4 | |
| 690 | @aQ14@v3 | |
| 701 | 0 | @a张金屯@AZhang Jin Tun@4著 |
| 801 | 0 | @aCN@bTAOJIN@c20070528 |
| 905 | @a10447@dQ14@e117 | |
| 数量生态学/张金屯著 .-北京:科学出版社,2004 |
| 357页;26cm.-(现代生命科学基础丛书;12) |
| ISBN 7-03-012475-8:CNY48.00 |
| 本书全面论述了数量生态学的理论和方法,内容涉及数量生态学的各个方面,反映了数量生态学过去几十年的发展概貌和最新发展水平,也反映了我国近年来数量生态学的研究进展和贡献。 |
| ● |
| 相关链接 |
|
|
|
|
正题名:数量生态学
索取号:Q14/117
 
预约/预借
| 序号 | 登录号 | 条形码 | 馆藏地/架位号 | 状态 | 备注 |
| 1 | 0523259 | 205232595 | 第二样本阅览室/ [索取号:Q14/117] | 在馆 | |
| 2 | 0523260 | 205232602 | 第三借阅区/ [索取号:Q14/117] | 在馆 | |
| 3 | 0523261 | 205232611 | 第三借阅区/ [索取号:Q14/117] | 在馆 |